01161 a2200169 45000010006000000050017000060080041000230030015000640400040000790800035001192450032001542640032001863000019002185050619002371000022008568560113008782169120260407155507.0260407a1979 arg spa dAR-UNSa-BCEJYS aAR-UNSa-BCEJYSbspacAR-UNSa-BCEJYS a347.72xSociedades comerciales10aAdministración societaria 1aBuenos Aires :bAbacoc1979 a480 p.c23 cm. a1. Antecedentes - 2. Administración y acto de administración - 3. Funciones de gestión operativa y empresaria - 4. Funciones de gestión operativa y empresaria - 5. Funciones de gestión operativa y empresaria - 6. Funciones de cogetión societaria - 7. Función de representación - 8. El directorio(1ºparte) - 9. El directorio (2ºparte)- 10. El directorio(3ºparte) - 11. El directorio (4º parte) - 12. El directorio(5º parte) - 13. El consejo de vigilancia.el comite ejecutivo.el gerente - 14. El administrador de la sociedad colectiva - 15. El administrador en los restantes tipos societarios. 1 aOtaegui, Julio C.41uhttps://biblioeco.unsa.edu.ar/pmb/images/libros/Administraci?n Societaria.jpgyImagen de portadaqimage/jpeg